| 000 | 00323nam a2200097Ia 4500 | ||
|---|---|---|---|
| 008 | 160523s9999 xx 000 0 und d | ||
| 245 | _aNew Knowledge in a New Era of Globalization | ||
| 245 | _cEdited by Piotr Pachura | ||
| 260 | _c2011 | ||
| 856 | _uhttp://www.intechopen.com/books/new-knowledge-in-a-new-era-of-globalization | ||
| 999 |
_c294903 _d294903 |
||